| 000 | 00486nam a22001817a 4500 | ||
|---|---|---|---|
| 003 | MPLRDC | ||
| 005 | 20220104173359.0 | ||
| 008 | 210129b ||||| |||| 00| 0 eng d | ||
| 020 | _a1-84086-350-3 | ||
| 082 | _a176.33 SARD | ||
| 100 | _aZAUDDIN SARDAR, RICHARD APPIGMANESI AND RALPH EDNEY | ||
| 245 |
_aINTRODUCING LEARNING AND MEMORY _c |
||
| 250 | _a初版 | ||
| 260 |
_a _bTOTEN BOOKS USA _c2002 |
||
| 300 | _b平 | ||
| 650 | _a心理过程--记忆 | ||
| 942 |
_cBK _o176.33 SARD |
||
| 999 |
_c59393 _d59383 |
||